[Event "Niedersachsen-ch U18"]
[Site "Rotenburg/Wuemme"]
[Date "2005.03.22"]
[Round "6"]
[White "Kaphle, Stephan"]
[Black "Wolters, Rene"]
[Result "1-0"]
[WhiteElo "1824"]
[BlackElo "1529"]
[PlyCount "57"]
[EventDate "2005.03.19"]
[EventType "swiss"]
[EventRounds "9"]
[EventCountry "GER"]
[SourceTitle "EXT 2007"]
[Source "ChessBase"]
[SourceDate "2006.11.23"]
[SourceVersion "1"]
[SourceVersionDate "2006.11.23"]
[SourceQuality "1"]

1. e4 c5 2. Nf3 e6 3. d4 cxd4 4. Nxd4 Nf6 5. Nc3 Nc6 6. Be3 Bb4 7. f3 d5 8. Bb5 Bd7 9. Bxc6 Bxc6 10. e5 Nd7 11. f4 Nb6 12. Qd3 Nc4 13. Bc1 Rc8 14. a3 Be7 15. 0-0 a6 16. b3 Nb6 17. f5 Bc5 18. fxe6 fxe6 19. Be3 Qe7 20. Nxe6 Bxe3+ 21. Qxe3 Qxe6 22. Qxb6 Qg4 23. Qf2 d4 24. Ne2 Bb5 25. c4 dxc3 26. Qf7+ Kd8 27. Rad1+ Bd7 28. e6 Rc7 29. Rxd7+ 1-0

[Event "Niedersachsen-ch U18"]
[Site "Borkum"]
[Date "2004.04.04"]
[Round "3"]
[White "Konrad, Maximilian"]
[Black "Wolters, Rene"]
[Result "1-0"]
[WhiteElo "1608"]
[BlackElo "1281"]
[PlyCount "91"]
[EventDate "2004.04.??"]
[EventType "swiss"]
[EventRounds "9"]
[EventCountry "GER"]
[SourceTitle "EXT 2005"]
[Source "ChessBase"]
[SourceDate "2004.11.15"]
[SourceVersion "1"]
[SourceVersionDate "2004.11.15"]
[SourceQuality "1"]

1. d4 d5 2. Nf3 Nf6 3. e3 e6 4. Bd3 c5 5. c3 Nc6 6. Ne5 Nxe5 7. dxe5 Nd7 8. f4 Be7 9. 0-0 Qc7 10. Nd2 c4 11. Bc2 b5 12. Kh1 Bb7 13. Qe2 a5 14. e4 Bc5 15. exd5 Bxd5 16. a3 0-0 17. Ne4 f5 18. exf6 Nxf6 19. Nxc5 Qxc5 20. Be3 Qc6 21. Bd4 Rae8 22. Rae1 Rf7 23. h3 Ref8 24. Kh2 Nd7 25. Qh5 Nf6 26. Bxf6 gxf6 27. Re3 f5 28. g4 Rg7 29. Rg3 Rff7 30. g5 Qb7 31. Qe2 Qc7 32. h4 Re7 33. Re3 h6 34. Re5 hxg5 35. fxg5 Ref7 36. Kh3 f4 37. h5 f3 38. Qe3 f2 39. Bd1 Kh8 40. Bg4 Rf8 41. g6 Qb8 42. Qh6+ Kg8 43. Rxd5 Qe8 44. Re5 Rf6 45. Qe3 Re7 46. Rxf2 1-0